| 000 -LEADER |
| fixed length control field |
00426nam a2200145 4500 |
| 082 ## - DEWEY DECIMAL CLASSIFICATION NUMBER |
| Classification number |
TNC A99 An14\G959 |
| 100 ## - MAIN ENTRY--PERSONAL NAME |
| Personal name |
Gupta, Amulya Kumar Datta |
| 9 (RLIN) |
19996 |
| 245 ## - TITLE STATEMENT |
| Title |
In association with Sri Sri Anandamayi |
| 260 ## - PUBLICATION, DISTRIBUTION, ETC. (IMPRINT) |
| Place of publication, distribution, etc |
Calcutta |
| Name of publisher, distributor, etc |
Sri Sri Anandamayi |
| Date of publication, distribution, etc |
1986 |
| 300 ## - PHYSICAL DESCRIPTION |
| Extent |
229p. |
| 650 ## - SUBJECT ADDED ENTRY--TOPICAL TERM |
| Topical term or geographic name as entry element |
Anandamayi, -- 1896-1982 |
| 9 (RLIN) |
19997 |
| 650 ## - SUBJECT ADDED ENTRY--TOPICAL TERM |
| Topical term or geographic name as entry element |
Spiritual life -- Hinduism |
| 9 (RLIN) |
19998 |
| 650 ## - SUBJECT ADDED ENTRY--TOPICAL TERM |
| Topical term or geographic name as entry element |
Hindu philosophy |
| 9 (RLIN) |
19999 |
| 942 ## - ADDED ENTRY ELEMENTS (KOHA) |
| Source of classification or shelving scheme |
|